00774nam a22002057a 450000500170000001000150001702000270003203500140005903700130007308200080008610000150009424500590010926000330016827001400020130000260034150000380036794200220040599900190042795201220044620180503103419.0 aENG-122821 a9789385289156c1095.00 aEN-106353 bDBAD/PUB a921 aAsha Kiran aBharat Ratna Pt. Madan Mohan Malaviya /cby Asha Kiran aNew DelhibSolar Booksc2017 a4239A/1, Veer Sadan, Ansari Road (Behind Delhi Hospital), Darya Ganj,bNew Delhie110002k011-43505201/02/03msales.solarbook@gmail.com avii, 275p.c23cm (Hb) aIt include bibliography and index 2ddccENmASHh921 c151795d151795 001040718NFICaDBADbBNd2018-05-01eDBAD/PUBg1095.00l0o921 ASHpEN-106353r2018-05-01 00:00:00t1v1095.00yEN